| 000 | 00982cam a2200289 a 4500 | ||
|---|---|---|---|
| 001 | 4378 | ||
| 005 | 20240816111134.0 | ||
| 020 | _a0307621189 (lib. bdg.) | ||
| 040 |
_aDLC _cDLC _dDLC _beng |
||
| 050 | 0 | 0 | _aPZ7.S6973 |
| 082 | 0 | 0 | _a813.54 |
| 100 | 1 | _aSommers, Tish | |
| 245 | 1 | 2 |
_aA bird's best friend / _cby Tish Sommers ; illustrated by Maggie Swanson |
| 260 |
_aNew York : _bWestern Pub. Co. in conjunction with Children's Television Workshop, _c1986 |
||
| 300 |
_a25 unnumbered pages : _bcolor illustrations ; _c22 cm. |
||
| 490 | _a Sesame Street: A Growing-Up Book | ||
| 505 | _aF | ||
| 520 | _aBig Bird learns that taking care of a puppy is a big responsibility. | ||
| 521 |
_a300
_bLexile estimate |
||
| 521 |
_aF
_bRaz-Plus |
||
| 650 | 1 |
_aDogs _xFiction. |
|
| 650 | 1 |
_aResponsibility _xFiction. |
|
| 650 | 1 |
_aPuppets _xFiction. |
|
| 700 | 1 |
_aSwanson, Maggie _eillustrator |
|
| 906 |
_a7 _bcbc _corignew _d2 _eocip _f19 _gy-gencatlg |
||
| 942 |
_2ddc _cBK _n0 |
||
| 999 |
_c4378 _d4378 |
||